Geography General Knowledge #12 - Statistics

General Stats
  • This quiz has been taken 124,747 times
    94,827 since last reset
  • The average score is 13 of 20
Answer Stats
Question Answer % Correct
What is the only country whose name starts with the letter Q? Qatar
95%
What country is the world's top oil exporter? Saudi Arabia
93%
What de-facto independent country does China claim ownership of? Taiwan
85%
What part of France is located on the continent of South America? French Guiana
82%
What is either a bay in the Indian ocean or a subspecies of tiger? Bengal
80%
Name one of the two most populous urban areas in Africa. Cairo / Lagos
79%
What city in Florida starts and ends with "O"? Orlando
73%
What group of islands are controlled by the United Kingdom but claimed by Argentina? Falkland Islands
72%
What peninsula is split in half by a "demilitarized zone"? Korea
72%
In the Gulf War (1990–91), what gulf was being referred to? Persian Gulf
68%
What river forms much of the border between France and Germany? Rhine
67%
What Chinese dialect is most commonly spoken in Hong Kong? Cantonese
64%
In what city would one have once encountered "Checkpoint Charlie" while trying to travel from East to West? Berlin
60%
What is the second most populous urban area in Japan? Osaka
60%
The island of Majorca has a name that means "larger island". What is the "smaller island"? Menorca
58%
What group of people in the United States speak a German dialect known as "Pennsylvania Dutch"? Amish
57%
What national capital city is less than 100 kilometers from Tallinn? Helsinki
57%
In what city would you find the district of Pudong, home to the world's third tallest building? Shanghai
52%
What is Canada's largest, newest, and least populated territory? Nunavut
36%
What group of Caribbean islands includes St. Croix, St. Thomas, and Tortola? Virgin Islands
33%
No matching quizzes found
Score Distribution
Percent of People with Each Score
Percentile by Number Answered
Your Score History
You have not taken this quiz since the last reset